Českej rap /
Uloženo v:
| Hlavní autor: | |
|---|---|
| Médium: | Kniha |
| Jazyk: | Czech |
| Vydáno: |
Praha :
Mej Dej Praha s.r.o.,
2022
|
| Vydání: | 1. vydání |
| Témata: | |
| Celkem bylo vypůjčeno: | 0x |
| Tagy: |
Žádné tagy |
| LEADER | 02440cam a2200601 i 4500 | ||
|---|---|---|---|
| 001 | 103002 | ||
| 003 | CZ PrNK | ||
| 005 | 20241119100239.0 | ||
| 007 | ta | ||
| 008 | 221129s2022 xr ach e 000 0dcze d | ||
| 015 | |a cnb003347183 | ||
| 020 | |a 9788090829206 |q (v knize neuvedeno ; |q vázáno) |z 0745240217176 |z 9788090829206 | ||
| 040 | |a ULG001 |b cze |d BOA001 |e rda | ||
| 072 | 7 | |a 78.011.26 |x Populární hudba. Populární písně. Populární taneční hudba |2 Konspekt |9 9 | |
| 080 | |a 78.038.6.011.26-051 |2 MRF | ||
| 080 | |a 785.16.071 |2 MRF | ||
| 080 | |a 78.038.6.011.26 |2 MRF | ||
| 080 | |a 78-027.22 |2 MRF | ||
| 080 | |a (437.3) |2 MRF | ||
| 080 | |a (047.53) |2 MRF | ||
| 080 | |a (048.8) |2 MRF | ||
| 080 | |a (084.12) |2 MRF | ||
| 100 | 1 | |a Zeman, Ladislav Poeta |7 xx0279097 |4 aut |9 115828 | |
| 245 | 1 | 0 | |a Českej rap / |c autor: Ladislav Poeta Zeman |
| 246 | 3 | |a Třicet let českého rapu | |
| 246 | 1 | 8 | |a 30 let českého rapu |
| 250 | |a 1. vydání | ||
| 264 | 1 | |a Praha : |b Mej Dej Praha s.r.o., |c 2022 | |
| 300 | |a 511 stran : |b ilustrace (převážně barevné), portréty, faksimile ; |c 29 cm | ||
| 336 | |a text |b txt |2 rdacontent | ||
| 336 | |a statický obraz |b sti |2 rdacontent | ||
| 337 | |a bez média |b n |2 rdamedia | ||
| 338 | |a svazek |b nc |2 rdacarrier | ||
| 500 | |a Obsahuje QR kódy s přístupem k audionahrávkám | ||
| 648 | 7 | |a 20.-21. století |7 ch462155 |2 czenas |9 53009 | |
| 650 | 0 | 7 | |a rappeři |7 ph993680 |y 20.-21. století |z Česko |2 czenas |
| 650 | 0 | 7 | |a hudební skupiny |7 ph120924 |y 20.-21. století |z Česko |2 czenas |
| 650 | 0 | 7 | |a rap (hudba) |7 ph125030 |y 20.-21. století |z Česko |2 czenas |
| 650 | 0 | 7 | |a hudební život |7 ph135177 |y 20.-21. století |z Česko |2 czenas |
| 650 | 0 | 9 | |a rappers |y 20th-21st centuries |z Czechia |2 eczenas |
| 650 | 0 | 9 | |a musical groups |y 20th-21st centuries |z Czechia |2 eczenas |
| 650 | 0 | 9 | |a rap (music) |y 20th-21st centuries |z Czechia |2 eczenas |
| 650 | 0 | 9 | |a musical life |y 20th-21st centuries |z Czechia |2 eczenas |
| 655 | 7 | |a rozhovory |7 fd133303 |2 czenas |9 2157 | |
| 655 | 7 | |a přehledy |7 fd133202 |2 czenas |9 164 | |
| 655 | 7 | |a fotografické publikace |7 fd132276 |2 czenas |9 53599 | |
| 655 | 9 | |a interviews |2 eczenas | |
| 655 | 9 | |a surveys |2 eczenas | |
| 655 | 9 | |a photographical works |2 eczenas | |
| 910 | |a UOG502 | ||
| 942 | |2 ddc |c KN | ||
| 999 | |d 103002 | ||
| 993 | |0 0 |1 421180103601 |2 ddc |4 0 |6 78_000000000000000 |7 0 |9 94832 |b 0 |c 103601 |d 2024-11-19 |e 0 |f DOSP |g 78 |h 990.00 |i Koupě |l DOSP |r 2024-11-19 |t 5 |w 2024-11-19 |y KN |z NAUCNA |n | ||